Szállítói értékelési rendszerek gyakorlati alkalmazása a távközlési iparágban -scoring modell vizsgálata egy piacvezető multinacionális vállalat modernizációs programjában

Bibliográfiai részletek
Szerző: Bárány József
További közreműködők: Kozma Dr. Tímea
Dokumentumtípus: Diplomadolgozat
Kulcsszavak:balanced scorecard
beszállító-értékelés
kvalitatív módszerek
modernizáció
scoring modell
Online Access:http://dolgozattar.uni-bge.hu/60391

MARC

LEADER 00000nta a2200000 i 4500
001 dolg60391
005 20260409150525.0
008 260409suuuu hu om 000 hun d
040 |a BGE Dolgozattár Repozitórium  |b hun 
041 |a hu 
100 1 |a Bárány József 
245 1 0 |a Szállítói értékelési rendszerek gyakorlati alkalmazása a távközlési iparágban -scoring modell vizsgálata egy piacvezető multinacionális vállalat modernizációs programjában  |c Bárány József  |h [elektronikus dokumentum] 
520 3 |a A téma elemzése során a célom az volt, hogy a távközlési modernizáció egyik kevésbé látható, mégis meghatározó elemét – a beszállítói teljesítményértékelést – minél közelebb hozzam a gyakorlathoz. A szakirodalom feldolgozásakor azt tapasztaltam, hogy bár többféle modell létezik a teljesítmény mérésére, a valódi kihívás mindig az, hogyan lehet ezeket egy konkrét vállalati környezetben jól működő, átlátható rendszerré formálni. A scorecard-alapú megközelítés, az AHP és a benchmarking jól használható módszertani támpontot adnak, de a távközlési projektek sajátosságai miatt a gyakorlati alkalmazás sokkal összetettebb, mint amennyit a tankönyvi példák mutatnak. 
695 |a balanced scorecard 
695 |a beszállító-értékelés 
695 |a kvalitatív módszerek 
695 |a modernizáció 
695 |a scoring modell 
700 1 |a Kozma Dr. Tímea  |e ths 
856 4 0 |u http://dolgozattar.uni-bge.hu/60391/1/Szakdolgozat_Sz%C3%A1ll%C3%ADt%C3%B3i%20%C3%A9rt%C3%A9kel%C3%A9si%20rendszerek%20gyakorlati%20alkalmaz%C3%A1sa%20a%20t%C3%A1vk%C3%B6zl%C3%A9si%20ipar%C3%A1gban_B%C3%A1r%C3%A1ny%20J%C3%B3zsef_2025_.pdf  |z Dokumentum-elérés 
856 4 0 |u http://dolgozattar.uni-bge.hu/60391/2/biralatilap_alap_mester%20B%C3%A1r%C3%A1ny%20J%C3%B3zsef.pdf  |z Dokumentum-elérés